[Event "Mechanics' Fall TNM; 30/90, SD/30"]
[Site "San Francisco"]
[Date "2014.11.18"]
[Round "4.32"]
[White "Chandrasekaran, Siddarth"]
[Black "Poler, Sebastian"]
[Result "0-1"]
[WhiteElo "1627"]
[BlackElo "1391"]
[PlyCount "102"]
[EventDate "2014.??.??"]

1. b4 e5 2. Bb2 f6 3. a3 a5 4. b5 Bc5 5. e3 d5 6. d4 exd4 7. exd4 Qe7+ 8. Be2
Bd6 9. Nf3 Nh6 10. O-O O-O 11. c4 dxc4 12. Bxc4+ Kh8 13. Re1 Qd8 14. Nbd2 c6
15. a4 Bb4 16. h3 Nd7 17. Qc2 Nb6 18. Bb3 Bf5 19. Qd1 Qd7 20. Nh4 cxb5 21. Nxf5
Qxf5 22. Bc2 Qd7 23. axb5 Qxb5 24. Rb1 a4 25. Ba3 Nd5 26. Be4 Rfe8 27. Bxd5
Rxe1+ 28. Qxe1 Bxd2 29. Rxb5 Bxe1 30. Bxb7 Rb8 31. d5 Nf7 32. d6 Nd8 33. Ba6
Ra8 34. Bb4 Bxb4 35. Rxb4 Rxa6 36. Re4 Kg8 37. Re8+ Kf7 38. Rxd8 Ke6 39. d7 a3
40. Rc8 Kxd7 41. Rc1 a2 42. Ra1 Kd6 43. Kf1 Kd5 44. Ke1 Kd4 45. Kd2 Kc4 46. Kc2
Kb4 47. Kb2 Ra3 48. Kc2 Rc3+ 49. Kb2 Rb3+ 50. Kc2 Ka3 51. Kc1 Rb2 0-1

[Event "Mechanics' SummerTNM; 30/90, SD/30"]
[Site "San Francisco"]
[Date "2014.05.27"]
[Round "1.7"]
[White "Chandrasekaran, Siddarth"]
[Black "Shaknazarov, Oleg"]
[Result "0-1"]
[WhiteElo "1597"]
[BlackElo "2193"]
[PlyCount "44"]
[EventDate "2014.??.??"]

1. d4 Nf6 2. c4 e6 3. Nc3 Bb4 4. Bd2 O-O 5. Nf3 d5 6. e3 c6 7. Be2 Nbd7 8. O-O
Bd6 9. c5 Bc7 10. Re1 b6 11. b4 e5 12. Rf1 Re8 13. Ne1 Qe7 14. Nc2 e4 15. f4
exf3 16. Bxf3 bxc5 17. dxc5 Ne5 18. h3 Nc4 19. Re1 Qe5 20. Nd4 Qh2+ 21. Kf1
Bxh3 22. gxh3 Nxd2+ 0-1

[Event "Mechanics' Fall TNM; 30/90, SD/30"]
[Site "San Francisco"]
[Date "2014.12.02"]
[Round "6.36"]
[White "Chandrasekaran, Siddarth"]
[Black "Simpkins, Jerry"]
[Result "1-0"]
[WhiteElo "1627"]
[BlackElo "1500"]
[Annotator "Donaldson"]
[PlyCount "51"]
[EventDate "2014.??.??"]

1. b4 e5 2. Bb2 Bxb4 3. Bxe5 Nf6 4. Nf3 Nc6 5. Bb2 d5 6. e3 Bg4 7. c4 d4 8.
exd4 Bxf3 9. Qxf3 Nxd4 10. Qe3+ Ne6 11. Be2 O-O 12. O-O Re8 13. Bf3 Nc5 14. Qg5
h6 15. Qg3 Nd3 16. Bxb7 Rb8 17. Bxf6 Qxf6 18. Nc3 Bxc3 19. dxc3 Rxb7 20. Qxd3
Rd8 21. Qc2 Qf4 22. Rfd1 Rd6 23. Re1 Rg6 $2 {Diagram #} (23... g6 $11) 24. Rad1
(24. Re8+ $1 Kh7 25. Rd1 $18) 24... Qxc4 $2 (24... Rb8 $16) 25. Re8+ Kh7 26.
Rdd8 1-0

[Event "Mechanics' Winter TNM; 30/90, SD/30"]
[Site "San Francisco"]
[Date "2014.02.25"]
[Round "8.24"]
[White "Chea, Na"]
[Black "Louie, Henry"]
[Result "0-1"]
[WhiteElo "1481"]
[BlackElo "1475"]
[PlyCount "134"]
[EventDate "2014.??.??"]

1. d4 d5 2. c4 Nf6 3. Nc3 e6 4. Bg5 Be7 5. e3 c6 6. Bd3 Nbd7 7. Nf3 O-O 8. O-O
a6 9. a4 dxc4 10. Bxc4 Nd5 11. Bxe7 Qxe7 12. Nxd5 cxd5 13. Bd3 Nf6 14. Qb3 Ne4
15. Rac1 Nd6 16. Rc2 Bd7 17. Rc7 Qd8 18. Rfc1 Bc6 19. R7xc6 bxc6 20. Rxc6 Rb8
21. Qa3 Rb6 22. Ne5 Rxc6 23. Nxc6 Qc7 24. Qc5 Ra8 25. g3 g6 26. e4 dxe4 27. Bc4
Kg7 28. Ba2 Rc8 29. d5 exd5 30. Qd4+ f6 31. Bxd5 Re8 32. g4 g5 33. b3 Qd7 34.
h3 Nf7 35. Qc4 Ne5 36. Nxe5 Rxe5 37. Bxe4 Qe7 38. f3 a5 39. Qc2 Qc5+ 40. Qxc5
Rxc5 41. Kg2 h6 42. Kg3 Rc3 43. Bd5 Rd3 44. Bc4 Rd4 45. Be6 Kf8 46. h4 Ke7 47.
Bc4 Kd6 48. hxg5 hxg5 49. Kf2 Kc5 50. Bf7 Kb4 51. Ke3 Kc3 52. Bc4 Rf4 53. Bg8
Rb4 54. Bf7 Rxb3 55. Ke4 Rb4+ 56. Kf5 Rf4+ 57. Kg6 Rxf3 58. Be6 Kd4 59. Bd7 Ke5
60. Bc6 Rf4 61. Bd7 Kd6 62. Be8 Kc5 63. Bd7 Kb4 64. Be8 Kb3 65. Bd7 Ka3 66. Be8
Rxg4 67. Kxf6 Rxa4 0-1

[Event "Mechanics' Fall TNM; 30/90, SD/30"]
[Site "San Francisco"]
[Date "2014.11.04"]
[Round "3.24"]
[White "Chea, Na"]
[Black "Olson, David"]
[Result "1-0"]
[WhiteElo "1516"]
[BlackElo "1407"]
[PlyCount "87"]
[EventDate "2014.??.??"]

1. d4 d5 2. c4 Nf6 3. Nc3 c6 4. Nf3 g6 5. Bg5 Bg7 6. Qd2 O-O 7. e3 h6 8. Bxf6
exf6 9. cxd5 cxd5 10. Qc2 Nc6 11. Qb3 Ne7 12. Bd3 a5 13. a4 b6 14. O-O Bg4 15.
Nd2 Be6 16. Nb5 Nc6 17. Be2 Nb4 18. Nf3 Bf5 19. Ne1 Rc8 20. Nc3 Re8 21. Bf3 Be6
22. Nc2 Bf8 23. Nxb4 axb4 24. Ne2 g5 25. g3 Re7 26. Qxb4 Rc4 27. Qd2 Rec7 28.
Rfc1 Bb4 29. Qd1 g4 30. Bg2 Qd6 31. b3 Rxc1 32. Rxc1 h5 33. Rxc7 Qxc7 34. Qc1
Qd6 35. Nf4 h4 36. gxh4 Bd7 37. Bxd5 b5 38. axb5 Bxb5 39. Qc8+ Kg7 40. Qxg4+
Kf8 41. Qh5 Be8 42. Bc4 Ke7 43. Nd5+ Kd8 44. Nxb4 1-0

[Event "Mechanics' Fall TNM; 30/90, SD/30"]
[Site "San Francisco"]
[Date "2014.11.18"]
[Round "4.8"]
[White "Chea, Na"]
[Black "Thornally, Frank"]
[Result "1/2-1/2"]
[WhiteElo "1516"]
[BlackElo "2200"]
[Annotator "Donaldson"]
[PlyCount "111"]
[EventDate "2014.??.??"]

1. d4 d5 2. c4 e6 3. Nf3 Nf6 4. Bg5 Be7 5. Nc3 h6 6. Bh4 O-O 7. e3 b6 8. Bd3
Bb7 9. Rc1 Nbd7 10. O-O c5 11. cxd5 Nxd5 12. Bxe7 Qxe7 13. Nxd5 Bxd5 14. Bc4
Bb7 15. Bb5 Nf6 16. dxc5 bxc5 17. Qe2 Rab8 18. Rc2 Bxf3 19. gxf3 Nd5 20. a3
Rfc8 21. Rfc1 Rc7 22. Bc4 Nb6 23. Ba2 Rbc8 24. Bb1 e5 25. Kh1 c4 26. Ba2 Qh4
27. e4 Qh3 28. Rc3 Qe6 29. Kg2 Rc6 {Both sides have played solidly and
accurately to this point but now White makes an error that goes unpunished.}
30. b3 $2 {Diagram #} cxb3 $2 (30... Qg6+ $1 31. Kh1 (31. Kf1 Qh5 $19) 31...
cxb3 32. Rxc6 Rxc6 33. Rxc6 Qxc6 34. Bxb3 Qc1+ {wins an important pawn.}) 31.
Rxc6 Rxc6 32. Rxc6 Qxc6 33. Bxb3 Qd6 34. Qa2 Qg6+ 35. Kf1 Qf6 36. Ke2 Nd7 37.
Qc2 Nf8 38. Qc5 a6 39. Bc4 Ng6 40. Qc8+ Kh7 41. Qxa6 Nf4+ 42. Kd2 Qd8+ 43. Kc3
Qd4+ 44. Kb3 Qxf2 45. Qb7 Qxf3+ 46. Kb4 Ne2 47. Bxe2 Qxe2 48. Qd5 Qxh2 49. a4
Qb2+ 50. Kc5 Qc3+ 51. Kb5 Qb2+ 52. Ka6 h5 53. Qxf7 Qe2+ 54. Ka5 Qxe4 55. Qxh5+
Kg8 56. Qe8+ 1/2-1/2

[Event "Mechanics' Whitehead TNM; 30/90, SD/30"]
[Site "San Francisco"]
[Date "2014.08.19"]
[Round "3.22"]
[White "Chen, Mingson"]
[Black "Eytan, David"]
[Result "1-0"]
[WhiteElo "1900"]
[BlackElo "1496"]
[PlyCount "55"]
[EventDate "2014.??.??"]

1. d4 f5 2. g3 Nf6 3. Bg2 e6 4. Nf3 c6 5. O-O d5 6. c4 Bd6 7. Qc2 O-O 8. Nbd2
Bc7 9. b3 f4 10. Ba3 Bd6 11. Bxd6 Qxd6 12. Rad1 fxg3 13. hxg3 Nbd7 14. e4 Qe7
15. Rfe1 dxe4 16. Nxe4 Nxe4 17. Qxe4 Nf6 18. Qe2 Ng4 19. Bh3 e5 20. Bg2 Qc7 21.
dxe5 Nxf2 22. Qxf2 Bg4 23. Rd4 Bxf3 24. Bxf3 g5 25. Qe3 h6 26. Bg4 Rae8 27. Rd7
Qb8 28. Qd3 1-0

[Event "Mechanics' Whitehead TNM; 30/90, SD/30"]
[Site "San Francisco"]
[Date "2014.09.16"]
[Round "7.15"]
[White "Chen, Mingson"]
[Black "Handler, Andrew"]
[Result "1/2-1/2"]
[WhiteElo "1900"]
[BlackElo "1652"]
[Annotator "Donaldson"]
[PlyCount "86"]
[EventDate "2014.??.??"]

1. e4 c5 2. Nf3 Nc6 3. d4 cxd4 4. Nxd4 g6 5. c4 Bg7 6. Be3 Nf6 7. Nc3 O-O 8.
Be2 d6 9. Rc1 a6 10. O-O Bd7 11. f3 Rb8 12. Qd2 Nxd4 13. Bxd4 b5 14. Nd5 (14.
cxb5 axb5 15. b4 {
gives White a small but clear advantage. The text leads to complete equality.})
14... Nxd5 15. cxd5 Rc8 16. Be3 Rxc1 17. Rxc1 Qb8 18. b3 Rc8 19. Rc2 Rxc2 20.
Qxc2 Qc8 21. Qxc8+ Bxc8 22. Kf2 e6 23. dxe6 fxe6 24. Bf4 Bd4+ 25. Be3 Bc3 26.
Bb6 Kf7 27. Ke3 e5 28. Kd3 Bb4 29. Be3 Be6 30. Kc2 d5 31. exd5 Bxd5 32. Bd3 Ke6
33. a4 bxa4 34. bxa4 a5 35. Bd2 Bxd2 36. Kxd2 Kd6 37. Kc3 Kc5 38. h4 Bc6 39.
Bc2 Bd5 40. Bd3 Bc6 41. Bc2 Bd5 42. Bd3 Bc6 43. Bc2 Bd5 1/2-1/2

[Event "Mechanics' Whitehead TNM; 30/90, SD/30"]
[Site "San Francisco"]
[Date "2014.09.02"]
[Round "5.19"]
[White "Chen, Mingson"]
[Black "Oyuntseren, Togtokh"]
[Result "1-0"]
[WhiteElo "1900"]
[BlackElo "1561"]
[Annotator "Donaldson"]
[PlyCount "59"]
[EventDate "2014.??.??"]

1. d4 e6 2. Nf3 d5 3. c4 c5 4. dxc5 Nf6 5. a3 Bxc5 6. Nc3 a5 7. cxd5 Nxd5 8.
Nxd5 Qxd5 9. Qxd5 exd5 10. Bd2 O-O 11. Rc1 b6 12. Bc3 Bf5 13. e3 Nd7 14. Be2
Rac8 15. O-O Rfd8 16. Nd4 Bxd4 17. Bxd4 Nc5 18. b4 (18. Rfd1) 18... axb4 19.
axb4 Nb3 $2 (19... Bd3 $11) 20. Rxc8 Rxc8 21. Bxb6 Nd2 $2 (21... Rb8 $16) 22.
Rd1 Rc2 23. b5 Rb2 24. Bd4 Rb1 25. Rxb1 Nxb1 {Diagram #} 26. e4 $3 {
Promoting the pawn or trapping the knight.} dxe4 (26... Bxe4 27. b6) 27. b6 Bc8
28. Bc4 Na3 (28... Bb7 29. Bb2 {the knight is trapped.} Nd2 30. Ba2 e3 31. f3
Kf8 32. Bd4 e2 33. Kf2 $18) 29. Bd5 Nb5 30. Bc5 1-0

[Event "Mechanics' Spring TNM; 30/90, SD/30"]
[Site "San Francisco"]
[Date "2014.03.25"]
[Round "2.18"]
[White "Cheng, Andrew"]
[Black "Sahin, Ozgur"]
[Result "0-1"]
[WhiteElo "1421"]
[BlackElo "1913"]
[PlyCount "44"]
[EventDate "2014.??.??"]

1. c4 e5 2. Nc3 Nf6 3. d3 Bb4 4. Bd2 O-O 5. Nf3 d6 6. e4 Nc6 7. Be2 Bg4 8. Nd5
Bxd2+ 9. Qxd2 Bxf3 10. Bxf3 Nxd5 11. exd5 Nd4 12. O-O-O Qd7 13. b3 a5 14. Kb2
Rfb8 15. a4 Ra6 16. Rc1 Rb6 17. Rc3 Qxa4 18. Bd1 Qb4 19. Ka2 a4 20. bxa4 Qb1+
21. Ka3 Qa1+ 22. Qa2 Qxc3+ 0-1

[Event "Mechanics' SummerTNM; 30/90, SD/30"]
[Site "San Francisco"]
[Date "2014.06.24"]
[Round "5.12"]
[White "Cherkes, David"]
[Black "Shnaiderman, Lazar"]
[Result "1/2-1/2"]
[WhiteElo "1965"]
[BlackElo "1870"]
[PlyCount "52"]
[EventDate "2014.??.??"]

1. e4 c5 2. Nf3 g6 3. Nc3 Bg7 4. Bc4 Nc6 5. d3 d6 6. h3 Nf6 7. Be3 O-O 8. a3
Nd7 9. O-O Nd4 10. Ba2 Nxf3+ 11. Qxf3 Ne5 12. Qe2 Nc6 13. Rab1 Rb8 14. Qd2 Nd4
15. f4 e6 16. Ne2 Nxe2+ 17. Qxe2 b6 18. Qf3 Qe7 19. c3 Bb7 20. g4 Kh8 21. f5
exf5 22. gxf5 gxf5 23. Qxf5 Bc8 24. Qh5 Be6 25. Bxe6 fxe6 26. Bg5 Bf6 1/2-1/2

[Event "Mechanics' SummerTNM; 30/90, SD/30"]
[Site "San Francisco"]
[Date "2014.07.01"]
[Round "6.10"]
[White "Cherkes, David"]
[Black "Timur, Mesut"]
[Result "0-1"]
[WhiteElo "1965"]
[BlackElo "1753"]
[PlyCount "70"]
[EventDate "2014.??.??"]

1. e4 e6 2. d4 d5 3. Nc3 dxe4 4. Nxe4 Nd7 5. Nf3 Ngf6 6. Nxf6+ Nxf6 7. Bd3 c5
8. O-O Qb6 9. c3 cxd4 10. cxd4 Bd6 11. Qe2 h6 12. Bb5+ Bd7 13. Bxd7+ Nxd7 14.
d5 e5 15. Be3 Qd8 16. Qb5 b6 17. Qc6 Ke7 18. Nh4 g6 19. f4 Rc8 20. Qa4 Kf8 21.
fxe5 Nxe5 22. Rac1 Kg7 23. Rxc8 Qxc8 24. Qxa7 Qc7 25. Qxb6 Qe7 26. Qd4 Rc8 27.
Qf4 Rc4 28. Qxh6+ Kg8 29. Bg5 Qa7+ 30. Be3 Rxh4 31. Qxh4 Qxe3+ 32. Kh1 Nd3 33.
Qf6 {Diagram #} Bf4 $1 34. Rxf4 Nxf4 35. h3 Qg3 0-1

[Event "Mechanics' SummerTNM; 30/90, SD/30"]
[Site "San Francisco"]
[Date "2014.06.10"]
[Round "3.25"]
[White "Cherkes, David"]
[Black "Zulkhuu, Jamyandagva"]
[Result "1-0"]
[WhiteElo "1965"]
[BlackElo "832"]
[Annotator "Donaldson"]
[PlyCount "45"]
[EventDate "2014.??.??"]

1. e4 e5 2. Nf3 Nc6 3. Bb5 a6 4. Ba4 b5 5. Bb3 Bc5 6. O-O Nf6 7. Re1 Ng4 (7...
O-O) 8. Re2 Nd4 9. Nxd4 Bxd4 10. h3 Nf6 11. c3 Bb6 12. d4 Bb7 13. Bg5 h6 14.
Bxf6 Qxf6 15. Re3 Qh4 16. Qd3 O-O 17. Nd2 c6 18. Nf3 Qh5 19. Nxe5 c5 20. Bd1
Qh4 21. Nxd7 c4 22. Qc2 Bxd4 23. cxd4 1-0

[Event "Mechanics' Fall TNM; 30/90, SD/30"]
[Site "San Francisco"]
[Date "2014.10.28"]
[Round "2.24"]
[White "Cheung, Aaron"]
[Black "Matz, James"]
[Result "1-0"]
[WhiteElo "1597"]
[BlackElo "1785"]
[PlyCount "41"]
[EventDate "2014.??.??"]

1. e4 e6 2. Nf3 d5 3. exd5 exd5 4. d4 Nf6 5. Bg5 Be7 6. Be2 O-O 7. O-O Re8 8.
Nc3 Be6 9. Re1 Nbd7 10. Ne5 c5 11. Nxd7 Nxd7 12. Bxe7 Qxe7 13. Bf3 cxd4 14.
Qxd4 Nf6 15. Nxd5 Nxd5 16. Bxd5 Rad8 17. c4 Qd7 18. Qxa7 Bxd5 19. cxd5 Qxd5 20.
Qa4 Qd2 $4 21. Rxe8+ 1-0

[Event "Mechanics' Fall TNM; 30/90, SD/30"]
[Site "San Francisco"]
[Date "2014.11.18"]
[Round "4.6"]
[White "Cheung, Aaron"]
[Black "Shakhnazarov, Oleg"]
[Result "0-1"]
[WhiteElo "1597"]
[BlackElo "2154"]
[Annotator "Donaldson"]
[PlyCount "54"]
[EventDate "2014.??.??"]

1. e4 e6 2. d4 d5 3. exd5 exd5 4. Nf3 Nf6 5. Nc3 Be7 6. Be2 O-O 7. O-O c6 8.
Bf4 Ne4 9. Nxe4 dxe4 10. Ne5 Nd7 11. Bc4 Nb6 12. Bb3 Nd5 13. Bg3 f6 14. Nc4 b5
15. Ne3 Kh8 16. c3 f5 17. Nxd5 cxd5 18. Be5 f4 19. Qh5 Rf5 20. Qe2 a6 21. Kh1
Be6 22. Bc2 Rf7 23. a3 Qd7 24. Rg1 Bg4 25. f3 Bh5 26. g4 $4 (26. Qf1 e3 27. Qb1
$11) 26... fxg3 27. Qg2 Bxf3 0-1

[Event "Mechanics' Fall TNM; 30/90, SD/30"]
[Site "San Francisco"]
[Date "2014.12.16"]
[Round "8.20"]
[White "Cheung, Aaron"]
[Black "Sherwood, Peter"]
[Result "1-0"]
[WhiteElo "1597"]
[BlackElo "1722"]
[Annotator "Donaldson"]
[PlyCount "165"]
[EventDate "2014.??.??"]

1. e4 c5 2. Nf3 d6 3. Nc3 Nf6 4. d4 cxd4 5. Nxd4 a6 6. Bg5 e6 7. Bc4 Be7 8. O-O
b5 9. Bd3 Bb7 10. Re1 Nbd7 11. a3 Nc5 12. Qe2 Nxd3 ({
The text is fine, but since the bishop has no where to run,} 12... O-O {
is more flexible.}) 13. cxd3 O-O 14. Rac1 Rc8 15. Nf3 Nd7 16. Bxe7 Qxe7 17. b4
Rc7 $4 (17... Qf6 $11) 18. Nd5 $18 Bxd5 19. Rxc7 Ba8 20. Rec1 Qd8 21. R7c3 h6
22. Qc2 Nb6 23. h3 Qf6 24. Kf1 Kh7 25. Rc7 g5 26. Ra7 Rc8 27. Rc7 Rg8 28. e5
dxe5 29. Nxe5 Rg7 30. d4+ Kh8 31. Rc8+ Nxc8 32. Qxc8+ Rg8 33. Qxa6 Qf4 34. Re1
h5 35. Qd6 Qf5 36. Qd7 Rg7 37. Qe8+ Rg8 38. Qxf7 Bd5 39. Qxf5 exf5 40. Rc1 Ra8
41. Rc7 Bc4+ 42. Nxc4 bxc4 43. Rxc4 Rxa3 44. Kg1 Kg7 45. b5 Rb3 46. Rc5 Kf6 47.
Rc6+ Ke7 48. b6 f4 49. Rc7+ Kd8 50. Rb7 Kc8 51. Rg7 Rb5 52. Kh2 h4 53. Rc7+ Kb8
54. Rc5 Rxb6 55. Rxg5 Rd6 56. Rg4 Rxd4 57. Rxh4 Kc7 58. g3 fxg3+ 59. Kxg3 ({
(Sherwood)} 59. fxg3 $4 Rxh4 60. gxh4 $11) 59... Rd7 60. Re4 Rf7 61. f4 Kd6 62.
h4 Kd5 63. Re1 Rg7+ 64. Kf3 Rh7 65. Kg4 Rg7+ 66. Kf5 Rf7+ 67. Kg6 Rxf4 68. Kg5
Rf8 69. h5 Rg8+ 70. Kh6 Rh8+ $2 ({(Sherwood)} 70... Kd6 $1 $11 {e g} 71. Kh7
Rg2 72. Re8 Kd7 73. Rg8 Rf2) 71. Kg6 Rg8+ 72. Kh7 Rg5 73. h6 Kd6 74. Re8 Rh5
75. Kg6 Rh2 76. h7 Rg2+ 77. Kf5 Rf2+ 78. Kg4 Rh2 79. h8=Q Rxh8 80. Rxh8 Ke5 81.
Rf8 Ke6 82. Kg5 Ke7 83. Rf1 1-0

[Event "Mechanics' Fall TNM; 30/90, SD/30"]
[Site "San Francisco"]
[Date "2014.11.04"]
[Round "3.30"]
[White "Cohee, James"]
[Black "Ayinala, Nihar"]
[Result "1-0"]
[WhiteElo "1660"]
[BlackElo "1108"]
[PlyCount "74"]
[EventDate "2014.??.??"]

1. Nf3 c5 2. g3 Nc6 3. Bg2 g6 4. O-O Bg7 5. e4 e6 6. Re1 Nge7 7. c4 O-O 8. Nc3
b6 9. d3 Bb7 10. Rb1 Nd4 11. Bf4 d5 12. Nxd4 cxd4 13. Nb5 dxc4 14. Nd6 Qd7 15.
Nxc4 Rad8 16. Rc1 Rc8 17. Qb3 b5 18. Nd6 Rxc1 19. Rxc1 e5 20. Nxb7 exf4 21. Nc5
Qd6 22. Qc2 Bh6 23. e5 Qd8 24. Re1 Qa5 25. Qd1 fxg3 26. hxg3 Bd2 27. Rf1 Bh6
28. Ne4 Bg7 29. Nf6+ Kh8 30. Re1 Nc8 31. Re4 Qb6 32. Nd7 Qd8 33. Nxf8 Qxf8 34.
Qc2 Ne7 35. Qc5 h6 36. f4 Nf5 37. Qxf8+ Bxf8 {
White won in another 30 moves. The remaining score is unavailable.} 1-0

[Event "Mechanics' Fall TNM; 30/90, SD/30"]
[Site "San Francisco"]
[Date "2014.10.21"]
[Round "1.3"]
[White "Cohee, James"]
[Black "Byambaa, Uyanga"]
[Result "0-1"]
[WhiteElo "1660"]
[BlackElo "2205"]
[PlyCount "72"]
[EventDate "2014.??.??"]

1. d4 Nf6 2. c4 g6 3. Nc3 Bg7 4. e4 O-O 5. e5 Ne8 6. Nf3 d6 7. Bf4 Nc6 8. Be2
Bg4 9. exd6 Nxd6 10. d5 Bxf3 11. Bxf3 Nd4 12. Bxd6 cxd6 13. O-O Qa5 14. Re1
Rfe8 15. Qd3 Qb4 16. Nb5 Nxb5 17. cxb5 Qxb2 18. a4 Bd4 19. Be2 Qxa1 20. Rxa1
Bxa1 21. g3 Rac8 22. h4 Rc1+ 23. Kg2 Rec8 24. Qe4 Bf6 25. h5 Kg7 26. hxg6 hxg6
27. b6 axb6 28. Bb5 Rd1 29. Qg4 Rcc1 30. Qd7 Rd2 31. Qxb7 Rcc2 32. Be8 Rxf2+
33. Kh3 Rh2+ 34. Kg4 Rc4+ 35. Kf3 Rc3+ 36. Kg4 Rg2 0-1

[Event "Mechanics' Fall TNM; 30/90, SD/30"]
[Site "San Francisco"]
[Date "2014.11.25"]
[Round "5.19"]
[White "Cohee, James"]
[Black "Drane, Robert"]
[Result "1/2-1/2"]
[WhiteElo "1660"]
[BlackElo "1869"]
[PlyCount "149"]
[EventDate "2014.??.??"]

1. d4 f5 2. Nc3 d5 3. Nf3 e6 4. Bf4 a6 5. e3 Nf6 6. Bd3 c5 7. dxc5 Bxc5 8. h3
Nc6 9. O-O Bd7 10. Ne5 O-O 11. Ne2 Nb4 12. Re1 Nxd3 13. Nxd3 Ba7 14. Nd4 Qe7
15. c3 Rac8 16. Ne5 Be8 17. Rc1 Bh5 18. Qc2 Bb8 19. f3 Bxe5 20. Bxe5 Nd7 21.
Bh2 Qf6 22. Qf2 e5 23. Ne2 Rc6 24. Rcd1 Bf7 25. a3 b5 26. Nc1 Nb6 27. Nd3 Nd7
28. Nb4 Rd6 29. Qg3 Kh8 30. Kh1 Re8 31. Qf2 g5 32. Rf1 Nc5 33. Nd3 Nxd3 34.
Rxd3 f4 35. Rfd1 Red8 36. exf4 exf4 37. Qd4 Qxd4 38. Rxd4 Re8 39. Kg1 Re2 40.
R4d2 Rde6 41. Kf1 Rxd2 42. Rxd2 Re3 43. Bg1 Re8 44. Bd4+ Kg8 45. Re2 Bg6 46.
Rxe8+ Bxe8 47. Bf6 h6 48. h4 Kf7 49. hxg5 Kg6 50. Be7 hxg5 51. Kf2 Kf5 52. Bc5
Bh5 53. g4+ Bxg4 54. fxg4+ Kxg4 55. Be7 Kf5 56. Bf8 Ke4 57. Bh6 g4 58. Bg5 g3+
59. Kg2 Kf5 60. Bh6 Kg4 61. Bg7 f3+ 62. Kg1 Kf5 63. Bd4 Ke4 64. Bc5 Kd3 65. Bd6
g2 66. Kf2 Kc2 67. Bc5 Kxb2 68. Kxf3 Kxc3 69. Kxg2 d4 70. Kf3 a5 71. Ke2 d3+
72. Kd1 b4 73. axb4 axb4 74. Bxb4+ Kxb4 75. Kd2 1/2-1/2

[Event "Mechanics' Spring TNM; 30/90, SD/30"]
[Site "San Francisco"]
[Date "2014.04.15"]
[Round "5.21"]
[White "Cohee, James"]
[Black "Gomboluudev, Enkhjin"]
[Result "1/2-1/2"]
[WhiteElo "1638"]
[BlackElo "1265"]
[PlyCount "61"]
[EventDate "2014.??.??"]

1. d4 d5 2. c4 c6 3. Nf3 Nf6 4. e3 e6 5. Bd3 dxc4 6. Bxc4 b5 7. Bb3 Nbd7 8. O-O
Bb7 9. Nc3 a6 10. Re1 c5 11. e4 Be7 12. e5 Nd5 13. Nxd5 Bxd5 14. Bxd5 exd5 15.
e6 fxe6 16. Rxe6 O-O 17. Qe2 Bf6 18. Bd2 cxd4 19. Re1 Nc5 20. Rc6 Na4 21. Qe6+
Kh8 22. b3 Nc3 23. Ne5 Bxe5 24. Qxe5 Ne4 25. Qxd4 Rxf2 26. Rxe4 Rxd2 27. Qxd2
dxe4 28. Rxa6 Qe8 29. Rxa8 Qxa8 30. Kf2 Kg8 31. Ke3 1/2-1/2

[Event "Mechanics' SummerTNM; 30/90, SD/30"]
[Site "San Francisco"]
[Date "2014.06.24"]
[Round "5.14"]
[White "Cohee, James"]
[Black "Maser, Thomas"]
[Result "0-1"]
[WhiteElo "1638"]
[BlackElo "1900"]
[Annotator "Winslow,Elliott C"]
[PlyCount "46"]
[EventDate "2014.??.??"]

1. d4 Nf6 2. c4 e6 3. Nc3 Bb4 4. e3 O-O 5. Nge2 c5 6. a3 cxd4 7. exd4 Bxc3+ 8.
Nxc3 d5 9. cxd5 exd5 10. Be2 Re8 11. O-O h6 12. Bf4 Nc6 13. Bf3 a6 14. Qd3 Ne7
15. Rfe1 Bf5 16. Qd2 Qd7 17. Re2 Nc6 18. Rae1 Rxe2 19. Rxe2 Rd8 20. h3 Ne4 {
Diagram #} 21. Nxe4 $2 (21. Bxe4 Bxe4 (21... dxe4 $6 22. d5) 22. f3 Bg6 23. Na4
$11) 21... dxe4 22. Bxe4 $2 (22. d5 $1 $15) 22... Nxd4 23. Qe1 $2 (23. Re1 Bxe4
24. Rxe4 f5 $5 (24... Nf3+ 25. gxf3 Qxd2 26. Bxd2 Rxd2 27. Rb4 b5 28. a4 bxa4
29. Rxa4 {should be drawable!?}) 25. Re1 $5 (25. Re5 g5 $5 26. Bxg5 {and now}
Qd6 $17 {or} ({or} 26... Nc6 $17 {gets very complicated!})) 25... Nf3+ 26. gxf3
Qxd2 27. Bxd2 Rxd2 $15) 23... Nxe2+ 0-1

[Event "Mechanics' Spring TNM; 30/90, SD/30"]
[Site "San Francisco"]
[Date "2014.04.01"]
[Round "3.26"]
[White "Cohee, James"]
[Black "McKellar, Daniel"]
[Result "1/2-1/2"]
[WhiteElo "1638"]
[BlackElo "1415"]
[Annotator "Donaldson"]
[PlyCount "42"]
[EventDate "2014.??.??"]

1. d4 d5 2. c4 c6 3. cxd5 cxd5 4. Nc3 Nf6 5. Bf4 a6 (5... Nc6 6. e3 (6. Nb5
Qa5+) 6... Bf5 7. Nf3 e6 8. Bd3 Bxd3 9. Qxd3 Be7 10. h3 O-O 11. O-O) 6. h3 Bf5
7. e3 Nc6 8. Bd3 Bxd3 9. Qxd3 e6 10. Nf3 Bd6 (10... Be7) 11. Bxd6 Qxd6 12. O-O
O-O 13. a3 b5 (13... Rfc8) 14. Rac1 Rfc8 15. Rfe1 h6 (15... Rc7) 16. b4 Rc7 17.
e4 dxe4 18. Nxe4 Nxe4 19. Qxe4 Rac8 20. Rc5 Ne7 21. Rec1 Nd5 1/2-1/2

[Event "Mechanics' SummerTNM; 30/90, SD/30"]
[Site "San Francisco"]
[Date "2014.06.03"]
[Round "2.23"]
[White "Cohee, James"]
[Black "Nagle, Michael"]
[Result "1-0"]
[WhiteElo "1638"]
[BlackElo "1402"]
[Annotator "Donaldson"]
[PlyCount "95"]
[EventDate "2014.??.??"]

1. d4 Nf6 2. c4 g6 3. Nc3 Bg7 4. e4 d6 5. Be2 O-O 6. Bg5 e5 $4 7. d5 $4 (7.
dxe5 dxe5 8. Qxd8 Rxd8 9. Nd5 {is a well-known trap that wins material.}) 7...
Nbd7 8. Nf3 Nc5 9. b4 Na6 10. a3 Bd7 11. O-O Qe8 12. Qd2 Nh5 13. Ne1 Nf4 14.
Nd3 Nxe2+ 15. Qxe2 f5 16. f3 f4 17. Rac1 h6 18. Bh4 g5 19. Bf2 Qg6 20. g4 fxg3
21. Bxg3 Rf7 22. Qg2 Qh5 23. Rf2 Bh3 24. Qh1 Raf8 25. Ne1 g4 26. Nd1 gxf3 27.
Rc3 Qg4 28. Rcxf3 Rxf3 $2 (28... Qxe4 $1 $19) 29. Rxf3 Rxf3 30. Qxf3 Qg5 31.
Qe3 Qg4 32. Nf2 Qh5 33. Nxh3 Qxh3 34. Qxa7 h5 35. Qe3 h4 36. Bf2 Qg4+ 37. Kh1
Bf6 38. Qf3 Qg6 39. Ng2 Qh6 40. Qg4+ Qg5 41. Qxg5+ Bxg5 42. Nxh4 Bc1 43. b5 Nc5
44. Bxc5 dxc5 45. a4 Kf7 46. Kg2 Kf6 47. Kf3 Kg5 48. Nf5 1-0

[Event "Mechanics' Spring TNM; 30/90, SD/30"]
[Site "San Francisco"]
[Date "2014.04.29"]
[Round "7.15"]
[White "Cohee, James"]
[Black "Newey, Richard"]
[Result "1/2-1/2"]
[WhiteElo "1638"]
[BlackElo "1807"]
[PlyCount "74"]
[EventDate "2014.??.??"]

1. d4 Nf6 2. c4 e5 3. dxe5 Ng4 4. Bf4 Nc6 5. Nf3 Bb4+ 6. Nbd2 Qe7 7. a3 Ngxe5
8. Nxe5 Nxe5 9. e3 Bxd2+ 10. Qxd2 d6 11. Be2 Bf5 (11... O-O 12. O-O b6) 12. O-O
O-O-O 13. Qa5 Kb8 14. Rfd1 g5 15. Bg3 f6 (15... h5) 16. Bxe5 fxe5 (16... Qxe5)
17. Qb4 c5 18. Qc3 Be4 19. f3 Bc6 20. e4 h5 21. b4 h4 (21... g4) 22. b5 Bd7 23.
h3 Rh6 24. Ra2 Qf8 25. Rad2 Bc8 26. Qe3 Qf4 27. Qxf4 gxf4 28. Kh2 Rg6 29. Bf1
Kc7 30. a4 Kd7 31. a5 Ke7 32. Rb2 Be6 33. Rbd2 Bf7 34. Ra1 Rdg8 35. Rad1 Rd8
36. Ra1 Rdg8 37. a6 b6 1/2-1/2

[Event "Mechanics' Fall TNM; 30/90, SD/30"]
[Site "San Francisco"]
[Date "2014.12.09"]
[Round "7.16"]
[White "Cohee, James"]
[Black "Sarafian, Greg"]
[Result "0-1"]
[WhiteElo "1660"]
[BlackElo "1926"]
[PlyCount "44"]
[EventDate "2014.??.??"]

1. Nf3 Nf6 2. g3 d6 3. Bg2 Nbd7 4. d4 e5 5. dxe5 dxe5 6. O-O Bc5 7. e3 O-O 8.
c4 Qe7 9. Qc2 c6 10. b3 a5 11. a3 Bb6 12. Bb2 Bc7 13. Nbd2 Re8 14. e4 c5 15.
Rad1 Nb8 16. Nb1 Nc6 17. Nc3 Bg4 18. Nd5 Nxd5 19. cxd5 Nd4 20. Bxd4 cxd4 21.
Rc1 Bd6 22. Qb2 Bxa3 0-1